| 000 | 01230nam a2200361Ia 4500 | ||
|---|---|---|---|
| 001 | Z_6653 | ||
| 003 | CHAP | ||
| 005 | 20231011135714.0 | ||
| 008 | 220113s2012 xx 000 0 und d | ||
| 010 | _a169925 | ||
| 040 | _cCHAP | ||
| 090 | _aTesis O43 2360 | ||
| 100 |
_aOlaya Fernández, Ernesto _982969 |
||
| 245 |
_aResiduos de clembuterol en tejidos comestibles de bovino / _cErnesto Olaya Fernández |
||
| 260 |
_aMéxico : _bEl autor, _c2012 |
||
| 300 | _aCD | ||
| 502 | _aTesis (Maestro en Ciencias en Innovación Ganadera) -- UACh, 2012 \ Dirección: Gilberto Aranda Osorio; asesoría: Maximino Huerta Bravo y Ema Maldonado Simán | ||
| 650 |
_aCentros de distribución _9145488 |
||
| 650 |
_aClembuterol _9144752 |
||
| 650 |
_aGanado bovino _9138033 |
||
| 650 |
_aHígado _9145489 |
||
| 650 |
_aMúsculo _9145490 |
||
| 650 |
_aTemporada de producción _9145491 |
||
| 700 |
_a Huerta Bravo, Maximino, asesor _9137843 |
||
| 700 |
_a Maldonadao Simán, Ema, asesor _9145492 |
||
| 700 |
_aAranda Osorio, Gilberto, director _9142804 |
||
| 856 | 4 | 2 |
_uhttp://10.13.5.2/tesis/115370.pdf _yDescargar PDF |
| 901 | _aTESIS O43 2360 | ||
| 902 | _aM | ||
| 910 | _a2012 | ||
| 942 |
_c2 _2ddc |
||
| 942 |
_c2 _2ddc |
||
| 999 |
_c169925 _d169925 |
||